<?xml version="1.0" encoding="UTF-8"?>
<record
    xmlns:xsi="http://www.w3.org/2001/XMLSchema-instance"
    xsi:schemaLocation="http://www.loc.gov/MARC21/slim http://www.loc.gov/standards/marcxml/schema/MARC21slim.xsd"
    xmlns="http://www.loc.gov/MARC21/slim">

  <leader>01691nam a22001937a 4500</leader>
  <controlfield tag="008">120521t        xxu||||| |||| 00| 0 eng d</controlfield>
  <datafield tag="020" ind1=" " ind2=" ">
    <subfield code="a">0273706896</subfield>
  </datafield>
  <datafield tag="050" ind1=" " ind2=" ">
    <subfield code="a">HF5415.2.M291</subfield>
  </datafield>
  <datafield tag="100" ind1=" " ind2=" ">
    <subfield code="a">Malhotra, Naresh K.</subfield>
  </datafield>
  <datafield tag="245" ind1=" " ind2=" ">
    <subfield code="a">Marketing research: an applied approach. /</subfield>
    <subfield code="c">Naresh K. Malhotra and David F. Birks</subfield>
  </datafield>
  <datafield tag="250" ind1=" " ind2=" ">
    <subfield code="a">3rd ed.</subfield>
  </datafield>
  <datafield tag="260" ind1=" " ind2=" ">
    <subfield code="a">England:</subfield>
    <subfield code="b">Prentice Hall,</subfield>
    <subfield code="c">c2007.</subfield>
  </datafield>
  <datafield tag="300" ind1=" " ind2=" ">
    <subfield code="a">xxi,835 p.:</subfield>
    <subfield code="b">ill.;</subfield>
    <subfield code="c">26cm.</subfield>
  </datafield>
  <datafield tag="500" ind1=" " ind2=" ">
    <subfield code="a">Includes index</subfield>
  </datafield>
  <datafield tag="505" ind1=" " ind2=" ">
    <subfield code="a">Contents: Introduction to marketing research -- Defining the marketing research problem and developing a research approach -- Research design -- Secondary data collection and analysis -- Internal secondary data and the use of databases -- Qualitative research: its nature and approaches -- Qualitative research: focus groups -- Qualitative research: in-depth interviewing and projective techniques -- Qualitative research: data analysis -- Survey and qualitative observation techniques -- Causal research design: experimentation -- Measurement and scaling: fundamentals, comparative and non-comparative scaling -- Questionaire design -- Sampling: design and procedures -- Sampling: final and initial sample size determination -- Survey fieldwork -- Data preparation -- Frequency distribution, cross-tabulation and hypothesis testing -- Analysis of variance and covariance -- Identifying relationships -- Discriminant analysis -- Factor analysis -- Cluster analysis -- Multidimensional scaling and conjoint analysis -- Report preparation and presentation -- International marketing  research -- Business-to-business (b2b) marketing research.</subfield>
  </datafield>
  <datafield tag="650" ind1=" " ind2=" ">
    <subfield code="b">Marketing research.</subfield>
  </datafield>
  <datafield tag="700" ind1=" " ind2=" ">
    <subfield code="a">Birks, David F.</subfield>
  </datafield>
  <datafield tag="942" ind1=" " ind2=" ">
    <subfield code="2">lcc</subfield>
    <subfield code="c">BK</subfield>
  </datafield>
  <datafield tag="999" ind1=" " ind2=" ">
    <subfield code="c">935</subfield>
    <subfield code="d">8435</subfield>
  </datafield>
  <datafield tag="952" ind1=" " ind2=" ">
    <subfield code="0">0</subfield>
    <subfield code="1">0</subfield>
    <subfield code="2">lcc</subfield>
    <subfield code="4">0</subfield>
    <subfield code="7">0</subfield>
    <subfield code="a">WIUC-1</subfield>
    <subfield code="b">WIUC-1</subfield>
    <subfield code="c">GEN</subfield>
    <subfield code="d">2012-05-21</subfield>
    <subfield code="l">0</subfield>
    <subfield code="o">HF5415.2.M291</subfield>
    <subfield code="p">2229/12</subfield>
    <subfield code="r">2012-05-21 00:00:00</subfield>
    <subfield code="t">1</subfield>
    <subfield code="w">2012-05-21</subfield>
    <subfield code="y">BK</subfield>
  </datafield>
  <datafield tag="952" ind1=" " ind2=" ">
    <subfield code="0">0</subfield>
    <subfield code="1">0</subfield>
    <subfield code="2">lcc</subfield>
    <subfield code="4">0</subfield>
    <subfield code="7">0</subfield>
    <subfield code="a">WIUC-1</subfield>
    <subfield code="b">WIUC-1</subfield>
    <subfield code="c">GEN</subfield>
    <subfield code="d">2012-05-21</subfield>
    <subfield code="l">0</subfield>
    <subfield code="o">HF5415.2.M2911</subfield>
    <subfield code="p">2230/12</subfield>
    <subfield code="r">2012-05-21 00:00:00</subfield>
    <subfield code="t">2</subfield>
    <subfield code="w">2012-05-21</subfield>
    <subfield code="y">BK</subfield>
  </datafield>
  <datafield tag="952" ind1=" " ind2=" ">
    <subfield code="0">0</subfield>
    <subfield code="1">0</subfield>
    <subfield code="2">lcc</subfield>
    <subfield code="4">0</subfield>
    <subfield code="7">0</subfield>
    <subfield code="a">WIUC-1</subfield>
    <subfield code="b">WIUC-1</subfield>
    <subfield code="c">GEN</subfield>
    <subfield code="d">2012-05-21</subfield>
    <subfield code="l">0</subfield>
    <subfield code="o">HF5415.2.M2912</subfield>
    <subfield code="p">2231/12</subfield>
    <subfield code="r">2012-05-21 00:00:00</subfield>
    <subfield code="t">3</subfield>
    <subfield code="w">2012-05-21</subfield>
    <subfield code="y">BK</subfield>
  </datafield>
</record>
